Normal view
MARC view
- Defeat into victory
Entry Topical Term
001 - CONTROL NUMBER
- control field: 105966
003 - CONTROL NUMBER IDENTIFIER
- control field: NUST
005 - DATE AND TIME OF LATEST TRANSACTION
- control field: 20221226135514.0
008 - FIXED-LENGTH DATA ELEMENTS
- fixed length control field: 221226|| aca||aabn | a|a d
040 ## - CATALOGING SOURCE
- Original cataloging agency: NUST
- Transcribing agency: NUST
150 ## - HEADING--TOPICAL TERM
- Topical term or geographic name entry element: Defeat into victory
670 ## - SOURCE DATA FOUND
- Source citation: Work cat.: (NUST)185720: Slim William , Sir 105965, Defeat into victory /, 1956
